Biblioteca

Jesús el perturbador (Registro nro. 70006)

Detalles MARC
000 -LÍDER
Campo fijo de descripción fija 01136nab a2200217 i 4500
001 - NÚMERO DE CONTROL
Campo de control 768714001
003 - IDENTIFICADOR DEL NÚMERO DE CONTROL
Campo de control CO-MdFUSB
005 - FECHA Y HORA DE LA ULTIMA TRANSACCIÓN
control field 20240531062758.0
008 - ELEMENTOS DE LONGITUD FIJA -- INFORMACIÓN GENERAL
Campo fijo de descripción fija -- Información general 240530t1974 ag ||||| |||| 00| 0 spa d
040 ## - FUENTE DE CATALOGACIÓN
Idioma de catalogación spa
Agencia que realiza la transcripción CO-MdFUSB
Agencia que realiza la modificación CO-MdFUSB
041 ## - CÓDIGO DE IDIOMA
Código de idioma para texto/pista de sonido o título separado spa
100 ## - ASIENTO PRINCIPAL--NOMBRE PERSONAL
Nombre personal Young, José,
Término relacionador autor
245 ## - TÍTULO
Título Jesús el perturbador
Mención de responsabilidad / José Young
520 ## - NOTA DE RESUMEN, ETC.
Nota de sumario, etc. Si bien Jesús está confinado a su templo, su culto y sus reuniones religiosas, no se diferencia del hombre hecho de madera. Hasta que conozcamos a Jesús aparte del Jesús inofensivo, no conoceremos la realidad.<br/>Porque el verdadero Cristo fue y sigue siendo un perturbador. Muchos prefieren llamarlo "príncipe de la paz", pero él es más bien un rompedor de la paz. A continuación veremos unos ejemplos de la historia para confirmarlo.
650 #7 - ASIENTO SECUNDARIO DE MATERIA - TERMINO TEMÁTICO
Término temático o nombre geográfico como elemento de entrada Cristología
9 (RLIN) 239
650 #7 - ASIENTO SECUNDARIO DE MATERIA - TERMINO TEMÁTICO
Término temático o nombre geográfico como elemento de entrada Cristianismo
9 (RLIN) 22
650 #0 - ASIENTO SECUNDARIO DE MATERIA - TERMINO TEMÁTICO
Término temático o nombre geográfico como elemento de entrada Conducta de vida
9 (RLIN) 20
773 0# - ASIENTO DE ITEM FUENTE
Biblionumber 69974
Itemnumber 82717
Lugar, editorial y fecha de publicación Buenos Aires
Otro identificador del ítem R2609
Título Certeza
Número de control del registro (CO-MdFUSB)768714001
Parte(s) relacionada(s) / Volumen., número. (mes año), páginas Número 55, (julio - septiembre, 1974) páginas: 220 - 222
Enumeración y primera página página: 220
942 ## - TIPO DE MATERIAL (KOHA)
Tipo de Item KOHA Artículos de Revista
945 ## - INFORMACIÓN LOCAL DEL REGISTRO
Catalogador Catherine Arias Álvarez - Practicante SENA

No hay ítems disponibles.

Biblioteca FUSBC | Teléfono: (57+4) 349 88 10 Ext. 141| WhatsApp (+57) 3005338115 
E-mail: biblioteca@unisbc.edu.co | Calle 76 87-14 Robledo Palenque, Medellín, Colombia

Con tecnología Koha